Japanese management : The Indian context

Guardado en:
Detalles Bibliográficos
Autor principal: Srinivasan, A V
Formato: Libro
Lenguaje:Undetermined
Publicado: New Delhi McGraw- Hill Publishing Company Limited 1990
Materias:
Etiquetas: Agregar Etiqueta
Sin Etiquetas, Sea el primero en etiquetar este registro!
Thư viện lưu trữ: Trung tâm Học liệu Trường Đại học Cần Thơ
LEADER 00546nam a2200205Ia 4500
001 CTU_106957
008 210402s9999 xx 000 0 und d
082 |a 658 
082 |b S619 
100 |a Srinivasan, A V 
245 0 |a Japanese management : 
245 4 |b The Indian context 
245 2 |c A V Srinivasan 
260 |a New Delhi 
260 |b McGraw- Hill Publishing Company Limited 
260 |c 1990 
650 |a Industry management 
650 |z Japan 
904 |i M.Loan 
980 |a Trung tâm Học liệu Trường Đại học Cần Thơ